[Event "San Sebastian op 36th"]
[Site "San Sebastian"]
[Date "2013.03.30"]
[Round "9"]
[White "Aranzabal Minguez, Alex"]
[Black "Abalia Patino, Aritz"]
[Result "1-0"]
[WhiteElo "1874"]
[BlackElo "1658"]
[PlyCount "65"]
[EventDate "2013.03.23"]
[EventType "swiss"]
[EventRounds "9"]
[EventCountry "ESP"]
[SourceTitle "CBM 153 Extra"]
[Source "ChessBase"]
[SourceDate "2013.04.22"]
[SourceVersion "1"]
[SourceVersionDate "2013.04.22"]
[SourceQuality "1"]

1. d4 Nf6 2. Nf3 g6 3. c4 Bg7 4. Nc3 0-0 5. Bf4 d6 6. e3 Nbd7 7. h3 c6 8. Be2 Qc7 9. 0-0 e5 10. Bh2 Re8 11. Rb1 a5 12. a3 Re7 13. b4 Ne8 14. c5 dxc5 15. bxc5 f6 16. Na4 Nf8 17. Nb6 Rb8 18. Nxc8 Qxc8 19. Qb3+ Kh8 20. dxe5 fxe5 21. Ng5 Ne6 22. Bg4 N8c7 23. Rfd1 Qe8 24. Nxe6 Nxe6 25. Bxe6 Rxe6 26. Qb6 a4 27. Rd2 Qe7 28. Rbd1 Bf8 29. Rd7 Qxc5 30. Qc7 Re7 31. Rxe7 Bxe7 32. Qxb8+ Kg7 33. Qxe5+ 1-0

[Event "Donostia Gipuzkoa-ch"]
[Site "San Sebastian"]
[Date "2012.11.24"]
[Round "6"]
[White "Fernandez Zubitur, Jokin"]
[Black "Aranzabal Minguez, Alex"]
[Result "1-0"]
[WhiteElo "1961"]
[BlackElo "1881"]
[PlyCount "71"]
[EventDate "2012.10.20"]
[EventType "swiss"]
[EventRounds "7"]
[EventCountry "ESP"]
[SourceTitle "EXT 2014"]
[Source "ChessBase"]
[SourceDate "2013.11.20"]
[SourceVersion "1"]
[SourceVersionDate "2013.11.20"]
[SourceQuality "1"]

1. e4 c5 2. Nc3 g6 3. g3 Bg7 4. Bg2 Nc6 5. d3 Rb8 6. a4 a6 7. f4 b5 8. axb5 axb5 9. Nf3 d6 10. 0-0 Bg4 11. h3 Bxf3 12. Bxf3 b4 13. Ne2 Qb6 14. Kh2 e6 15. f5 e5 16. Bg2 Qd8 17. Be3 Nf6 18. Qd2 h5 19. Bg5 0-0 20. Rf2 Qb6 21. Raf1 Nd7 22. f6 Bh8 23. g4 hxg4 24. hxg4 Nd4 25. Nxd4 cxd4 26. Bh4 b3 27. Qh6 bxc2 28. Rxc2 Rfc8 29. Rd2 Nc5 30. Bg5 Ne6 31. Rf3 Nxg5 32. Qxg5 Qd8 33. Rdf2 d5 34. Qh4 Rb6 35. g5 dxe4 36. Rh3 1-0

[Event "San Sebastian Gros op 22nd"]
[Site "San Sebastian"]
[Date "2012.09.25"]
[Round "6"]
[White "Franco Alonso, Alejandro"]
[Black "Aranzabal Minguez, Alex"]
[Result "1-0"]
[WhiteElo "2479"]
[BlackElo "1881"]
[PlyCount "95"]
[EventDate "2012.09.20"]
[EventType "swiss"]
[EventRounds "8"]
[EventCountry "ESP"]
[SourceTitle "EXT 2013"]
[Source "ChessBase"]
[SourceDate "2012.11.22"]
[SourceVersion "1"]
[SourceVersionDate "2012.11.22"]
[SourceQuality "1"]

1. c4 e5 2. g3 Nf6 3. Bg2 Nc6 4. Nc3 Bb4 5. Nd5 Bc5 6. Nf3 d6 7. 0-0 0-0 8. d3 h6 9. a3 a5 10. e3 Be6 11. d4 Ba7 12. Nxf6+ Qxf6 13. d5 Bg4 14. h3 Bxf3 15. Qxf3 Qxf3 16. Bxf3 Nb8 17. b4 axb4 18. axb4 Nd7 19. Bb2 Bb6 20. g4 g6 21. Kh2 Kh7 22. Be4 Kg7 23. Bc2 f6 24. h4 Rxa1 25. Rxa1 Rh8 26. h5 g5 27. Bf5 Rd8 28. Kg2 Kf7 29. Kf3 Ke7 30. Ke4 Rc8 31. Ra3 c5 32. dxc6 Rxc6 33. Kd3 Rc8 34. Ra1 e4+ 35. Bxe4 Ne5+ 36. Bxe5 fxe5 37. Bxb7 Rb8 38. Bd5 Rf8 39. Ra6 Rb8 40. Ke4 Kd7 41. Kf5 Kc7 42. Ra8 Rxa8 43. Bxa8 Kd7 44. Kg6 Ke7 45. Kxh6 Kf6 46. Kh7 Bd8 47. Kg8 Be7 48. h6 1-0